<?xml version="1.0" encoding="UTF-8"?>
<collection xmlns="http://www.loc.gov/MARC21/slim">
 <record>
  <leader>     na                 </leader>
  <controlfield tag="001">INLIS000000000002979</controlfield>
  <controlfield tag="005">20260409073332</controlfield>
  <controlfield tag="035">$a 0010-0426000070</controlfield>
  <controlfield tag="245">$a Keajaiban Piramida /$c Tim CBM</controlfield>
  <controlfield tag="100">$a Tim CBM</controlfield>
  <controlfield tag="300">$a 71 hlm : $b Ilus ; $c 17.5 x 25 cm</controlfield>
  <controlfield tag="260">$a Bandung :$b PT Karya Kita,$c 2007</controlfield>
  <controlfield tag="082">$a 932</controlfield>
  <controlfield tag="084">$a 932 TIM k</controlfield>
  <controlfield tag="020">$a 978-979-9282-64-4</controlfield>
  <controlfield tag="008">260409                           0      </controlfield>
  <controlfield tag="990">$a 2501/2012</controlfield>
  <controlfield tag="990">$a 2502/2012</controlfield>
  <controlfield tag="990">$a 2503/2012</controlfield>
  <controlfield tag="990">$a 2504/2012</controlfield>
  <controlfield tag="990">$a 2505/2012</controlfield>
 </record>
</collection>
